000 00450nam a2200181Ia 4500
001 23257
005 20260414150925.0
008 260414t1998||||xx |||||||||||||| ||spa||
041 _aESP
082 _a627.81
_bR73
100 _aRodrigues Andriolo, Francisco
_eAUT
245 4 _aThe use of roller compacted concrete
_b
260 _c1998
300 _axxvi, 554 páginas :
_c22 cm.
650 _a0
654 _aCIC
942 _cLIB
_dJUS
_fJUS
_2ddc
_n
999 _c23257
_d23257